Group II & IIA : (Record no. 187609)

MARC details
000 -LEADER
fixed length control field 00488nam a22001697a 4500
005 - DATE AND TIME OF LATEST TRANSACTION
control field 20220425145502.0
010 ## - LCCN (DPL NO)
LC control number ENG-132390
020 ## - INTERNATIONAL STANDARD BOOK NUMBER
Terms of availability 300.00
035 ## - SYSTEM CONTROL NUMBER
System control number EN-115922
037 ## - SOURCE OF ACQUISITION
Source of stock number/acquisition DBAD/PUB
082 ## - DEWEY DECIMAL CLASSIFICATION NUMBER
Classification number 000
245 ## - TITLE STATEMENT
Title Group II & IIA :
Remainder of title Preliminary & Main- Combined guide/
260 ## - PUBLICATION, DISTRIBUTION, ETC. (IMPRINT)
Place of publication, distribution, etc Chennai
Name of publisher, distributor, etc The Raman's Books
Date of publication, distribution, etc 2016
270 ## - ADDRESS
Address 25, Fourth Main Road, Indiranagar, Adyar
City chennai
Postal code 600020
300 ## - PHYSICAL DESCRIPTION
Extent 256p.
Dimensions 28cm(pbk)
942 ## - ADDED ENTRY ELEMENTS (KOHA)
Source of classification or shelving scheme Dewey Decimal Classification
Item type English Books
Classification part 000
Call number suffix GRO
Holdings
Withdrawn status Lost status Not for loan Collection code Home library Current library Date acquired Source of acquisition Cost, normal purchase price Full call number Barcode Copy number Cost, replacement price Koha item type
      Non-fiction Bawana Bawana 25/04/2022 DBAD/PUB 300.00 000 GRO EN-115922 1 300.00 English Books

© Delhi Public Library
Hit Counter
free hit counter